En busca de una sociedad igualitaria : (Registro nro. 3775)

Detalles MARC
000 -LEADER
fixed length control field 01056nam a2200229Ia 4500
003 - CONTROL NUMBER IDENTIFIER
control field OSt
005 - DATE AND TIME OF LATEST TRANSACTION
control field 20200715121856.0
008 - FIXED-LENGTH DATA ELEMENTS--GENERAL INFORMATION
fixed length control field 191128s2008 ck ado gr 000 0dspa d
020 ## - INTERNATIONAL STANDARD BOOK NUMBER
International Standard Book Number 9789586240772
040 ## - CATALOGING SOURCE
Original cataloging agency CO-JMCR
Transcribing agency CO-JMCR
041 0# - LANGUAGE CODE
Language code of text/sound track or separate title spa
082 04 - DEWEY DECIMAL CLASSIFICATION NUMBER
Classification number 330.9861 /
Item number D179b
Edition number 23
110 1# - MAIN ENTRY--CORPORATE NAME
Corporate name or jurisdiction name as entry element Depertamento Administrativo Nacional de Estadística
9 (RLIN) 7298
245 13 - TITLE STATEMENT
Title En busca de una sociedad igualitaria :
Remainder of title cien años de evolución social y económica 1908-2008 /
Statement of responsibility, etc. Depertamento Administrativo Nacional de Estadística
260 ## - PUBLICATION, DISTRIBUTION, ETC.
Place of publication, distribution, etc. [Bogotá] :
Name of publisher, distributor, etc. DANE,
Date of publication, distribution, etc. 2008.
300 ## - PHYSICAL DESCRIPTION
Extent 262 páginas :
Other physical details Fotografías, gráficas, mapa ;
Dimensions 25 cm.
504 ## - BIBLIOGRAPHY, ETC. NOTE
Bibliography, etc. note Bibliografía página [259]-262.
505 0# - FORMATTED CONTENTS NOTE
Formatted contents note Pensamiento, acción y proceso político -- Geografía, territorio e infraestructura -- Población -- La evolución de la economía -- Evolución del desarrollo social -- Ciencia, tecnología e información
650 14 - SUBJECT ADDED ENTRY--TOPICAL TERM
Topical term or geographic name entry element Desarrollo social
Chronological subdivision 1908-2008
Geographic subdivision Colombia
9 (RLIN) 7299
650 24 - SUBJECT ADDED ENTRY--TOPICAL TERM
Topical term or geographic name entry element Política económica
Chronological subdivision 1908-2008
Geographic subdivision Colombia
9 (RLIN) 7300
942 ## - ADDED ENTRY ELEMENTS (KOHA)
Source of classification or shelving scheme Dewey Decimal Classification
Koha item type Books
Existencias
Withdrawn status Lost status Source of classification or shelving scheme Materials specified (bound volume or other part) Damaged status Not for loan Home library Current library Shelving location Date acquired Source of acquisition Full call number Barcode Date last seen Copy number Price effective from Koha item type
    Dewey Decimal Classification Doanción--22/07/2018--     Biblioteca Pública José María del Castillo y Rada Biblioteca Pública José María del Castillo y Rada General Stacks 11/28/2019 Donación 330.9861 / D179b 201808206 05/16/2024 Ej.1 11/28/2019 Books